[Event "ODJM B 2019"]
[Site "Willingen GER"]
[Date "2019.06.11"]
[Round "4"]
[White "John, Niklas"]
[Black "Lipinsky, Pierre"]
[Result "1-0"]
[Termination "normal"]
[Board "58"]
[WhiteElo "1324"]
[BlackElo "1353"]
[PlyCount "99"]
[WhiteFideId "16234626"]
[BlackFideId "16206290"]
[EventCountry "GER"]
[EventRounds "9"]
[EventType "swiss"]
[EventDate "2019.06.08"]

1. e4 e5 2. Nf3 Nc6 3. Bc4 Nf6 4. d3 Bc5 5. O-O O-O 6. Re1 Ng4 7. Re2 h6 8.
Nbd2 d6 9. c3 Be6 10. Bb3 a5 11. Nf1 b5 12. d4 Bxb3 13. axb3 exd4 14. cxd4 Bb4
15. Ng3 Re8 16. Qd3 Rb8 17. d5 Nce5 18. Qc2 Nxf3+ 19. gxf3 Ne5 20. Kg2 Qd7 21.
f4 Ng6 22. Nf5 Qd8 23. f3 Nh4+ 24. Nxh4 Qxh4 25. Qxc7 f5 26. e5 Qh5 27. e6 Qg6+
28. Kh1 Rbc8 29. Qd7 Qh5 30. Rg2 g6 31. Qf7+ Kh8 32. Be3 Bc5 33. Bxc5 dxc5 34.
Rf1 Rf8 35. Qe7 Rfe8 36. Qf6+ Kh7 37. Qf7+ Kh8 38. e7 Rg8 39. d6 Rg7 40. Qf6 g5
41. d7 Rcg8 42. d8=Q Rxd8 43. exd8=Q+ Kh7 44. Qdf8 Qg6 45. Qxg6+ Rxg6 46. Qxf5
c4 47. Re2 gxf4 48. Re7+ Kh8 49. Qf8+ Rg8 50. Qxh6# 1-0

[Event "ODJM B 2019"]
[Site "Willingen GER"]
[Date "2019.06.11"]
[Round "4"]
[White "Richter, Tim"]
[Black "Sarian, Gaya"]
[Result "1-0"]
[Termination "normal"]
[Board "59"]
[WhiteElo "1473"]
[BlackElo "1452"]
[PlyCount "135"]
[WhiteFideId "16272641"]
[BlackFideId "16266161"]
[EventCountry "GER"]
[EventRounds "9"]
[EventType "swiss"]
[EventDate "2019.06.08"]

1. d4 d5 2. Bf4 Bf5 3. e3 e6 4. Bd3 Bxd3 5. Qxd3 Nc6 6. Nf3 Bd6 7. Bxd6 Qxd6 8.
c3 Nf6 9. Nbd2 h6 10. h3 O-O 11. O-O Rfe8 12. Rfe1 Rad8 13. Rac1 a6 14. c4 Nb4
15. Qb3 Qb6 16. a3 Nc6 17. Qxb6 cxb6 18. cxd5 Rxd5 19. Rc2 Red8 20. Rec1 b5 21.
Rc5 Kf8 22. Kf1 Rxc5 23. Rxc5 Nd7 24. Rc1 a5 25. b3 f5 26. Ke2 Ke7 27. Nf1 Kf6
28. Rd1 e5 29. Nxe5 Ndxe5 30. dxe5+ Kxe5 31. Rxd8 Nxd8 32. f4+ Kd5 33. Kd3 Nc6
34. Nd2 Kc5 35. e4 Ne7 36. Nf3 Ng6 37. g3 fxe4+ 38. Kxe4 b4 39. a4 b5 40. axb5
Kxb5 41. Nd4+ Kb6 42. Kd5 Ne7+ 43. Kc4 g6 44. g4 Nc8 45. f5 Nd6+ 46. Kd5 Nxf5
47. gxf5 gxf5 48. Nxf5 a4 49. Nd4 axb3 50. Nxb3 Kc7 51. Kc5 Kd7 52. Kxb4 Ke6
53. Nc1 Kf5 54. Ne2 Kg5 55. Kc4 Kh4 56. Ng1 Kg3 57. Kd4 Kg2 58. Ke4 Kxg1 59.
Kf5 Kg2 60. h4 Kf3 61. h5 Kg3 62. Kg6 Kg4 63. Kxh6 Kf5 64. Kg7 Kg5 65. h6 Kf4
66. h7 Ke4 67. h8=Q Kd5 68. Qh4 1-0

[Event "ODJM B 2019"]
[Site "Willingen GER"]
[Date "2019.06.12"]
[Round "5"]
[White "Matthes, Benjamin"]
[Black "Ortlepp, Klaudia"]
[Result "1-0"]
[Termination "normal"]
[Board "2"]
[WhiteElo "1737"]
[BlackElo "1570"]
[WhiteClock "00:03:11"]
[BlackClock "00:23:38"]
[PlyCount "101"]
[WhiteFideId "16227298"]
[BlackFideId "16206045"]
[EventCountry "GER"]
[EventRounds "9"]
[EventType "swiss"]
[EventDate "2019.06.08"]

1. e4 {[%clk 1:30:45]} 1... e5 {[%clk 1:30:52]} 2. Nf3 {[%clk 1:31:10]} 2...
Nc6 {[%clk 1:31:14]} 3. d4 {[%clk 1:31:06]} 3... exd4 {[%clk 1:31:33]} 4. Nxd4
{[%clk 1:31:29]} 4... Bc5 {[%clk 1:31:35]} 5. Be3 {[%clk 1:31:52]} 5... Bb6 {
[%clk 1:31:59]} 6. Bc4 {[%clk 1:24:56]} 6... Nf6 {[%clk 1:29:01]} 7. Nxc6 {
[%clk 1:13:19]} 7... bxc6 {[%clk 1:28:27]} 8. Bxb6 {[%clk 1:09:24]} 8... axb6 {
[%clk 1:27:54]} 9. e5 {[%clk 0:57:55]} 9... Qe7 {[%clk 1:25:55]} 10. O-O {
[%clk 0:53:40]} 10... Ne4 {[%clk 1:24:53]} 11. Re1 {[%clk 0:43:26]} 11... Ng5 {
[%clk 1:20:14]} 12. Qd2 {[%clk 0:36:02]} 12... O-O {[%clk 1:17:20]} 13. Nc3 {
[%clk 0:32:31]} 13... Ra5 {[%clk 1:13:54]} 14. Qd4 {[%clk 0:22:26]} 14... Ne6 {
[%clk 1:06:00]} 15. Qe3 {[%clk 0:19:13]} 15... Bb7 {[%clk 1:03:04]} 16. Rad1 {
[%clk 0:16:25]} 16... Qc5 {[%clk 0:58:46]} 17. Bxe6 {[%clk 0:14:23]} 17... dxe6
{[%clk 0:57:54]} 18. Qxc5 {[%clk 0:14:36]} 18... Rxc5 {[%clk 0:58:06]} 19. Rd7
{[%clk 0:14:12]} 19... Rc8 {[%clk 0:51:05]} 20. Red1 {[%clk 0:11:25]} 20... Kf8
{[%clk 0:50:55]} 21. f4 {[%clk 0:08:59]} 21... Rc4 {[%clk 0:49:14]} 22. g3 {
[%clk 0:08:47]} 22... Ba6 {[%clk 0:42:00]} 23. Rd8+ {[%clk 0:07:16]} 23... Rxd8
{[%clk 0:42:09]} 24. Rxd8+ {[%clk 0:07:44]} 24... Ke7 {[%clk 0:42:29]} 25. Ra8
{[%clk 0:07:31]} 25... Bb7 {[%clk 0:39:42]} 26. Ra7 {[%clk 0:07:36]} 26... Bc8
{[%clk 0:39:58]} 27. Rxc7+ {[%clk 0:04:40]} 27... Bd7 {[%clk 0:40:11]} 28. Kf2
{[%clk 0:03:10]} 28... Kd8 {[%clk 0:39:04]} 29. Ra7 {[%clk 0:02:35]} 29... c5 {
[%clk 0:34:46]} 30. Ra8+ {[%clk 0:01:49]} 30... Ke7 {[%clk 0:34:32]} 31. Ke3 {
[%clk 0:01:37]} 31... f6 {[%clk 0:30:32]} 32. Rg8 {[%clk 0:00:38]} 32... Kf7 {
[%clk 0:29:59]} 33. Rd8 {[%clk 0:01:07]} 33... Ke7 {[%clk 0:29:15]} 34. exf6+ {
[%clk 0:01:23]} 34... gxf6 {[%clk 0:27:47]} 35. Rh8 {[%clk 0:01:52]} 35... Bc6
{[%clk 0:26:39]} 36. Rxh7+ {[%clk 0:01:35]} 36... Kf8 {[%clk 0:26:32]} 37. Rc7
{[%clk 0:00:56]} 37... Be8 {[%clk 0:21:47]} 38. a3 {[%clk 0:00:42]} 38... b5 {
[%clk 0:21:01]} 39. h3 {[%clk 0:00:36]} 39... Bg6 {[%clk 0:19:28]} 40. Nxb5 {
[%clk 0:00:31]} 40... Rxc2 {[%clk 0:14:40]} 41. a4 {[%clk 0:14:32]} 41... Rxb2
{[%clk 0:37:00]} 42. Rxc5 {[%clk 0:12:48]} 42... Ra2 {[%clk 0:33:12]} 43. Nc3 {
[%clk 0:08:37]} 43... Ra3 {[%clk 0:27:17]} 44. h4 {[%clk 0:02:39]} 44... f5 {
[%clk 0:25:51]} 45. Kd4 {[%clk 0:02:24]} 45... Ke7 {[%clk 0:25:39]} 46. Ke5 {
[%clk 0:02:02]} 46... Kd7 {[%clk 0:24:16]} 47. Rc7+ {[%clk 0:01:41]} 47... Kxc7
{[%clk 0:22:25]} 48. Nb5+ {[%clk 0:02:04]} 48... Kb6 {[%clk 0:22:49]} 49. Nxa3
{[%clk 0:02:30]} 49... Ka5 {[%clk 0:23:14]} 50. Nc4+ {[%clk 0:02:50]} 50...
Kxa4 {[%clk 0:23:38]} 51. Nd6 {[%clk 0:03:11]} 1-0

[Event "ODJM B 2019"]
[Site "Willingen GER"]
[Date "2019.06.12"]
[Round "5"]
[White "Werner, Tom"]
[Black "Günther, Emil"]
[Result "1/2-1/2"]
[Termination "normal"]
[Board "3"]
[WhiteElo "1772"]
[BlackElo "1689"]
[WhiteClock "00:41:04"]
[BlackClock "01:15:58"]
[PlyCount "51"]
[WhiteFideId "16223756"]
[BlackFideId "16228154"]
[EventCountry "GER"]
[EventRounds "9"]
[EventType "swiss"]
[EventDate "2019.06.08"]

1. c4 {[%clk 1:30:58]} 1... Nf6 {[%clk 1:30:56]} 2. Nc3 {[%clk 1:31:23]} 2...
c5 {[%clk 1:31:19]} 3. g3 {[%clk 1:31:47]} 3... g6 {[%clk 1:31:43]} 4. Bg2 {
[%clk 1:32:13]} 4... Bg7 {[%clk 1:32:09]} 5. Nf3 {[%clk 1:32:36]} 5... O-O {
[%clk 1:32:34]} 6. O-O {[%clk 1:33:01]} 6... Nc6 {[%clk 1:33:00]} 7. d3 { [%clk
1:33:20]} 7... d5 {[%clk 1:31:33]} 8. cxd5 {[%clk 1:32:15]} 8... Nxd5 { [%clk
1:31:54]} 9. Nxd5 {[%clk 1:30:08]} 9... Qxd5 {[%clk 1:32:13]} 10. Be3 { [%clk
1:29:10]} 10... Qd6 {[%clk 1:29:43]} 11. Qd2 {[%clk 1:27:34]} 11... b6 { [%clk
1:27:16]} 12. Bh6 {[%clk 1:26:19]} 12... Bb7 {[%clk 1:27:22]} 13. Bxg7 { [%clk
1:25:32]} 13... Kxg7 {[%clk 1:27:44]} 14. Qc3+ {[%clk 1:24:00]} 14... Kg8
{[%clk 1:27:59]} 15. e3 {[%clk 1:21:30]} 15... Rfd8 {[%clk 1:24:07]} 16. Rfd1 {
[%clk 1:20:56]} 16... Qf6 {[%clk 1:23:05]} 17. Qxf6 {[%clk 1:18:45]} 17... exf6
{[%clk 1:23:28]} 18. d4 {[%clk 1:18:08]} 18... cxd4 {[%clk 1:22:19]} 19. Nxd4 {
[%clk 1:15:00]} 19... Nxd4 {[%clk 1:20:23]} 20. Bxb7 {[%clk 1:14:43]} 20...
Rab8 {[%clk 1:20:46]} 21. Bg2 {[%clk 1:13:55]} 21... Ne6 {[%clk 1:21:09]} 22.
Rac1 {[%clk 1:09:46]} 22... Kf8 {[%clk 1:20:36]} 23. Kf1 {[%clk 1:08:59]} 23...
Ke7 {[%clk 1:20:41]} 24. Ke2 {[%clk 1:08:46]} 24... f5 {[%clk 1:18:47]} 25. b4
{[%clk 0:57:55]} 25... Rd7 {[%clk 1:15:58]} 26. Rxd7+ {[%clk 0:41:04]} 1/2-1/2

[Event "ODJM B 2019"]
[Site "Willingen GER"]
[Date "2019.06.12"]
[Round "5"]
[White "Schneider, Anna"]
[Black "Petri, Ben-Luca"]
[Result "0-1"]
[Termination "normal"]
[Board "5"]
[WhiteElo "1589"]
[BlackElo "1895"]
[WhiteClock "00:27:25"]
[BlackClock "00:37:25"]
[PlyCount "120"]
[WhiteFideId "16200527"]
[BlackFideId "12947261"]
[EventCountry "GER"]
[EventRounds "9"]
[EventType "swiss"]
[EventDate "2019.06.08"]

1. e4 {[%clk 1:30:58]} 1... c5 {[%clk 1:30:41]} 2. Nf3 {[%clk 1:31:22]} 2... a6
{[%clk 1:31:06]} 3. d4 {[%clk 1:31:36]} 3... cxd4 {[%clk 1:31:29]} 4. Nxd4 {
[%clk 1:32:01]} 4... Nf6 {[%clk 1:31:53]} 5. Nc3 {[%clk 1:32:18]} 5... e5 {
[%clk 1:32:13]} 6. Nb3 {[%clk 1:32:41]} 6... Bb4 {[%clk 1:32:35]} 7. Bd2 {
[%clk 1:31:29]} 7... O-O {[%clk 1:29:22]} 8. Qf3 {[%clk 1:26:37]} 8... Qc7 {
[%clk 1:23:20]} 9. h3 {[%clk 1:21:42]} 9... b5 {[%clk 1:20:12]} 10. a3 { [%clk
1:18:58]} 10... Be7 {[%clk 1:19:52]} 11. g4 {[%clk 1:17:29]} 11... Bb7 { [%clk
1:15:09]} 12. g5 {[%clk 1:13:55]} 12... Ne8 {[%clk 1:10:51]} 13. Bd3 { [%clk
1:10:41]} 13... Nd6 {[%clk 1:10:46]} 14. h4 {[%clk 1:07:40]} 14... Nc4 { [%clk
1:10:31]} 15. O-O-O {[%clk 1:06:44]} 15... Nxd2 {[%clk 1:10:10]} 16. Nxd2
{[%clk 1:06:18]} 16... Bxa3 {[%clk 1:09:26]} 17. h5 {[%clk 1:02:44]} 17... f5 {
[%clk 1:07:25]} 18. bxa3 {[%clk 0:58:59]} 18... fxe4 {[%clk 1:07:40]} 19. Qe3 {
[%clk 0:57:38]} 19... exd3 {[%clk 1:07:59]} 20. Qxd3 {[%clk 0:57:50]} 20...
Bxh1 {[%clk 1:07:59]} 21. Rxh1 {[%clk 0:57:30]} 21... Nc6 {[%clk 1:07:07]} 22.
Nd5 {[%clk 0:55:30]} 22... Qd8 {[%clk 1:04:55]} 23. Ne4 {[%clk 0:54:05]} 23...
Ne7 {[%clk 1:03:23]} 24. h6 {[%clk 0:52:51]} 24... g6 {[%clk 0:58:49]} 25.
Ndf6+ {[%clk 0:51:08]} 25... Kh8 {[%clk 0:57:52]} 26. Nd6 {[%clk 0:48:24]}
26... Nc6 {[%clk 0:54:08]} 27. Re1 {[%clk 0:42:12]} 27... Rxf6 {[%clk 0:52:08]}
28. gxf6 {[%clk 0:41:57]} 28... Qxf6 {[%clk 0:52:17]} 29. Qd5 {[%clk 0:37:17]}
29... Rf8 {[%clk 0:52:08]} 30. Ne4 {[%clk 0:34:57]} 30... Qe6 {[%clk 0:51:38]}
31. Qxe6 {[%clk 0:32:53]} 31... dxe6 {[%clk 0:51:45]} 32. Ng5 {[%clk 0:32:33]}
32... Rxf2 {[%clk 0:49:39]} 33. Nxe6 {[%clk 0:32:48]} 33... Rf6 {[%clk 0:46:05]
} 34. Nc7 {[%clk 0:32:03]} 34... g5 {[%clk 0:45:48]} 35. Nxa6 {[%clk 0:32:05]}
35... Rxh6 {[%clk 0:45:11]} 36. Nc7 {[%clk 0:32:19]} 36... g4 {[%clk 0:44:52]}
37. Nxb5 {[%clk 0:32:18]} 37... g3 {[%clk 0:44:35]} 38. Rg1 {[%clk 0:32:38]}
38... Rg6 {[%clk 0:44:40]} 39. Kd2 {[%clk 0:32:38]} 39... h5 {[%clk 0:44:12]}
40. Ke3 {[%clk 0:32:34]} 40... h4 {[%clk 0:43:54]} 41. Kf3 {[%clk 0:32:43]}
41... e4+ {[%clk 0:42:35]} 42. Kg2 {[%clk 0:31:53]} 42... Ne5 {[%clk 0:41:24]}
43. Nd4 {[%clk 0:31:29]} 43... Rf6 {[%clk 0:41:12]} 44. Kh3 {[%clk 0:30:10]}
44... Nf3 {[%clk 0:40:39]} 45. Rd1 {[%clk 0:28:38]} 45... Rg6 {[%clk 0:37:45]}
46. Ne2 {[%clk 0:27:18]} 46... Rc6 {[%clk 0:34:17]} 47. c3 {[%clk 0:26:47]}
47... Kh7 {[%clk 0:33:12]} 48. Rd7+ {[%clk 0:25:47]} 48... Kh6 {[%clk 0:33:11]}
49. Re7 {[%clk 0:25:47]} 49... Rd6 {[%clk 0:32:50]} 50. Rxe4 {[%clk 0:24:48]}
50... Ng5+ {[%clk 0:33:18]} 51. Kxh4 {[%clk 0:24:50]} 51... Nxe4 { [%clk
0:33:40]} 52. Nxg3 {[%clk 0:25:08]} 52... Nxg3 {[%clk 0:34:01]} 53. Kxg3 {[%clk
0:25:33]} 53... Rd3+ {[%clk 0:34:27]} 54. Kf4 {[%clk 0:25:52]} 54... Rxc3
{[%clk 0:34:54]} 55. a4 {[%clk 0:26:02]} 55... Rc4+ {[%clk 0:35:22]} 56. Ke5
{[%clk 0:26:22]} 56... Rxa4 {[%clk 0:35:50]} 57. Kd5 {[%clk 0:26:41]} 57... Kg5
{[%clk 0:36:17]} 58. Kc5 {[%clk 0:26:54]} 58... Kf4 {[%clk 0:36:44]} 59. Kd5
{[%clk 0:27:07]} 59... Re4 {[%clk 0:37:05]} 60. Kc5 {[%clk 0:27:25]} 60... Ke5
{[%clk 0:37:25]} 0-1

[Event "ODJM B 2019"]
[Site "Willingen GER"]
[Date "2019.06.12"]
[Round "5"]
[White "Bartelt, Max Peter"]
[Black "Kublanov, Carolin"]
[Result "1/2-1/2"]
[Termination "normal"]
[Board "6"]
[WhiteElo "1789"]
[BlackElo "1748"]
[WhiteClock "00:52:13"]
[BlackClock "00:07:59"]
[PlyCount "50"]
[WhiteFideId "12967289"]
[BlackFideId "12944548"]
[EventCountry "GER"]
[EventRounds "9"]
[EventType "swiss"]
[EventDate "2019.06.08"]

1. d4 {[%clk 1:30:57]} 1... d5 {[%clk 1:30:48]} 2. Nf3 {[%clk 1:30:16]} 2...
Nf6 {[%clk 1:30:55]} 3. g3 {[%clk 1:30:28]} 3... e6 {[%clk 1:30:35]} 4. Bg2 {
[%clk 1:30:53]} 4... b6 {[%clk 1:30:03]} 5. O-O {[%clk 1:31:16]} 5... Bb7 {
[%clk 1:30:02]} 6. c4 {[%clk 1:31:40]} 6... Nbd7 {[%clk 1:28:59]} 7. b3 { [%clk
1:31:20]} 7... Bd6 {[%clk 1:28:20]} 8. Bb2 {[%clk 1:31:18]} 8... O-O { [%clk
1:27:17]} 9. Ne5 {[%clk 1:27:46]} 9... c5 {[%clk 1:20:15]} 10. e3 { [%clk
1:26:11]} 10... Qc7 {[%clk 1:18:46]} 11. f4 {[%clk 1:25:13]} 11... Ne4 { [%clk
1:14:12]} 12. Nc3 {[%clk 1:24:39]} 12... a6 {[%clk 1:13:47]} 13. Qd3 { [%clk
1:13:42]} 13... Ndf6 {[%clk 1:06:52]} 14. Rad1 {[%clk 1:06:00]} 14... Nxc3
{[%clk 1:05:19]} 15. Bxc3 {[%clk 1:05:56]} 15... Ne4 {[%clk 1:05:00]} 16. f5
{[%clk 1:02:56]} 16... Bxe5 {[%clk 0:59:22]} 17. dxe5 {[%clk 1:03:09]} 17...
dxc4 {[%clk 0:57:24]} 18. Qxc4 {[%clk 1:02:03]} 18... b5 {[%clk 0:54:42]} 19.
Qd3 {[%clk 1:01:26]} 19... Rad8 {[%clk 0:52:32]} 20. Qc2 {[%clk 0:59:16]} 20...
Rxd1 {[%clk 0:50:39]} 21. Rxd1 {[%clk 0:58:51]} 21... exf5 {[%clk 0:49:05]} 22.
Bxe4 {[%clk 0:57:22]} 22... Bxe4 {[%clk 0:39:44]} 23. Qd2 {[%clk 0:57:40]}
23... b4 {[%clk 0:36:02]} 24. Bb2 {[%clk 0:56:59]} 24... Bc6 {[%clk 0:26:50]}
25. Qc2 {[%clk 0:52:13]} 25... Be4 {[%clk 0:07:59]} 1/2-1/2

[Event "ODJM B 2019"]
[Site "Willingen GER"]
[Date "2019.06.12"]
[Round "5"]
[White "Andresen, Marc"]
[Black "Francois, Yannick"]
[Result "1/2-1/2"]
[Termination "normal"]
[Board "9"]
[WhiteElo "1428"]
[BlackElo "1643"]
[PlyCount "43"]
[WhiteFideId "16233719"]
[BlackFideId "16200918"]
[EventCountry "GER"]
[EventRounds "9"]
[EventType "swiss"]
[EventDate "2019.06.08"]

1. e4 e5 2. Bc4 Nf6 3. d3 Bc5 4. Nf3 d6 5. O-O O-O 6. c3 Bg4 7. Nbd2 a6 8. Re1
Nc6 9. a4 Re8 10. h3 Bh5 11. Nf1 Qd7 12. Ng3 Bg6 13. b4 Ba7 14. Bb2 Ne7 15. Qc2
Rad8 16. Rad1 h6 17. Bb3 c6 18. Qc1 Nh5 19. Ne2 Nf6 20. Ng3 Nh5 21. Ne2 Nf6 22.
Ng3 1/2-1/2

[Event "ODJM B 2019"]
[Site "Willingen GER"]
[Date "2019.06.12"]
[Round "5"]
[White "Lauterbach, Kolja"]
[Black "ter Stal, Lars"]
[Result "1-0"]
[Termination "normal"]
[Board "10"]
[WhiteElo "1662"]
[BlackElo "1732"]
[PlyCount "59"]
[WhiteFideId "16235916"]
[BlackFideId "12965200"]
[EventCountry "GER"]
[EventRounds "9"]
[EventType "swiss"]
[EventDate "2019.06.08"]

1. e4 e6 2. d4 d5 3. Nd2 Nf6 4. e5 Nfd7 5. Ngf3 c5 6. c3 Nc6 7. Be2 cxd4 8.
cxd4 f6 9. exf6 Nxf6 10. O-O Bd6 11. Nb3 O-O 12. Bg5 Qe8 13. Re1 Ne4 14. Bh4
Ne7 15. Bd3 Bb4 16. Re2 Nf6 17. a3 Bd6 18. Nc5 Bxc5 19. dxc5 Nc6 20. Bg3 Qh5
21. Qd2 Bd7 22. Rae1 Rae8 23. Bd6 Rf7 24. Ng5 Na5 25. Re5 Nb3 26. Qf4 Ng4 27.
Bxh7+ Kh8 28. Nxf7+ Qxf7 29. Qxf7 Re7 30. Qg8# 1-0

[Event "ODJM B 2019"]
[Site "Willingen GER"]
[Date "2019.06.12"]
[Round "5"]
[White "Seitz, Manuel"]
[Black "Plum, Paul"]
[Result "1/2-1/2"]
[Termination "normal"]
[Board "11"]
[WhiteElo "1710"]
[BlackElo "1717"]
[PlyCount "56"]
[WhiteFideId "16215770"]
[BlackFideId "16225678"]
[EventCountry "GER"]
[EventRounds "9"]
[EventType "swiss"]
[EventDate "2019.06.08"]

1. e4 e5 2. Nf3 Nc6 3. Bc4 Bc5 4. d4 Bxd4 5. Nxd4 Nxd4 6. Be3 Ne6 7. Bxe6 dxe6
8. Qg4 Qf6 9. h4 h5 10. Qg3 Ne7 11. Nc3 c6 12. O-O-O b6 13. Bg5 Qg6 14. Qxe5 f6
15. Qd6 Kf7 16. f4 fxg5 17. fxg5 Re8 18. g4 Ba6 19. Qf4+ Kg8 20. Qe5 Rad8 21.
Rxd8 Rxd8 22. gxh5 Qxh5 23. Qc7 Re8 24. Qxa7 Bc8 25. Qxb6 Qf3 26. Rd1 Qf4+ 27.
Kb1 Qxh4 28. a4 Qxg5 1/2-1/2

[Event "ODJM B 2019"]
[Site "Willingen GER"]
[Date "2019.06.12"]
[Round "5"]
[White "Thumm, Niklas"]
[Black "Schmied, Elias"]
[Result "0-1"]
[Termination "normal"]
[Board "12"]
[WhiteElo "1732"]
[BlackElo "1669"]
[PlyCount "72"]
[WhiteFideId "12918733"]
[BlackFideId "16255879"]
[EventCountry "GER"]
[EventRounds "9"]
[EventType "swiss"]
[EventDate "2019.06.08"]

1. e4 e6 2. d4 d5 3. Nd2 dxe4 4. Nxe4 Nd7 5. Nf3 Ngf6 6. Ng3 Be7 7. Bd3 O-O 8.
O-O b6 9. c3 Bb7 10. Qc2 c5 11. Ng5 h6 12. Nf3 Qc7 13. Re1 cxd4 14. Nxd4 Nc5
15. Bc4 Rfd8 16. f3 a6 17. a4 Rd7 18. Qe2 Bd5 19. Bxd5 Nxd5 20. Ne4 Rad8 21.
Kh1 Nf4 22. Bxf4 Qxf4 23. Nc6 Re8 24. Nxe7+ Rexe7 25. Nxc5 Rd2 26. Qxa6 Qg5 27.
Re2 bxc5 28. a5 Red7 29. g3 Rd1+ 30. Re1 R1d2 31. Qa8+ Rd8 32. Qa7 Rxh2+ 33.
Kxh2 Rd2+ 34. Kh1 Qh5+ 35. Kg1 Qh2+ 36. Kf1 Qf2# 0-1

[Event "ODJM B 2019"]
[Site "Willingen GER"]
[Date "2019.06.12"]
[Round "5"]
[White "Zell, Mirjam"]
[Black "Dartmann Aubanell, Catriona"]
[Result "0-1"]
[Termination "normal"]
[Board "13"]
[WhiteElo "1660"]
[BlackElo "1728"]
[PlyCount "116"]
[WhiteFideId "16208544"]
[BlackFideId "24585270"]
[EventCountry "GER"]
[EventRounds "9"]
[EventType "swiss"]
[EventDate "2019.06.08"]

1. e4 e6 2. d4 d5 3. Bd3 dxe4 4. Bxe4 Nf6 5. Bf3 Nbd7 6. Ne2 Bd6 7. O-O e5 8.
Re1 O-O 9. Ng3 Re8 10. Be3 e4 11. Be2 Nd5 12. Nf5 Nxe3 13. Nxe3 Qh4 14. g3 Qg5
15. Nd2 c6 16. Bc4 Nf6 17. Bf1 Ng4 18. Ndc4 Nxe3 19. Nxe3 f5 20. Ng2 f4 21. Qc1
e3 22. gxf4 exf2+ 23. Kxf2 Rf8 24. h4 Bxf4 25. hxg5 Bxc1+ 26. Kg1 Bxg5 27. c3
Bd7 28. Re4 Rae8 29. Rae1 Rxe4 30. Rxe4 Re8 31. Rxe8+ Bxe8 32. Bc4+ Kf8 33. Ne1
h5 34. Be6 Ke7 35. Bh3 Bg6 36. Bc8 b6 37. Nf3 Bc1 38. b3 Bb2 39. Bb7 Be4 40.
Nd2 Bd5 41. c4 Bxd4+ 42. Kh2 Be6 43. Bxc6 g5 44. Nf3 Bf6 45. Be4 g4 46. Ng1 h4
47. Ne2 Be5+ 48. Kg1 h3 49. Kh1 Kf6 50. Kg1 Bf5 51. Bxf5 Kxf5 52. a3 g3 53. b4
Kg4 54. c5 bxc5 55. bxc5 Kf3 56. Nxg3 Bxg3 57. c6 h2+ 58. Kh1 Ke3 0-1

[Event "ODJM B 2019"]
[Site "Willingen GER"]
[Date "2019.06.12"]
[Round "5"]
[White "Thumm, Felix"]
[Black "Tran, Minh Dat"]
[Result "1-0"]
[Termination "normal"]
[Board "14"]
[WhiteElo "1836"]
[BlackElo "1573"]
[PlyCount "79"]
[WhiteFideId "12902209"]
[BlackFideId "16244702"]
[EventCountry "GER"]
[EventRounds "9"]
[EventType "swiss"]
[EventDate "2019.06.08"]

1. d4 g6 2. e4 Bg7 3. Nc3 c6 4. f3 d5 5. Be3 e6 6. Qd2 b6 7. O-O-O Ba6 8. h4
Bxf1 9. Rxf1 h5 10. Nge2 Nh6 11. Bg5 f6 12. Bf4 Nd7 13. Qd3 Nf8 14. Re1 Nf7 15.
Bg3 Bh6+ 16. Kb1 Qd7 17. exd5 cxd5 18. Bf4 O-O-O 19. Qa6+ Qb7 20. Qb5 Qd7 21.
Bxh6 Rxh6 22. Nf4 g5 23. hxg5 Nxg5 24. Rxh5 Rxh5 25. Nxh5 Qxb5 26. Nxb5 a6 27.
Nc3 Nd7 28. f4 Rh8 29. Ng3 Ne4 30. Ngxe4 dxe4 31. Nxe4 f5 32. Ng5 Nf8 33. b3
Kd7 34. d5 exd5 35. Re5 Rh1+ 36. Kb2 Ng6 37. Rxd5+ Kc7 38. Rxf5 Rg1 39. Rf7+
Kc8 40. Rf6 1-0

[Event "ODJM B 2019"]
[Site "Willingen GER"]
[Date "2019.06.12"]
[Round "5"]
[White "Naumenko, Valerija"]
[Black "Alhamid, Mohamad"]
[Result "0-1"]
[Termination "normal"]
[Board "15"]
[WhiteElo "1606"]
[BlackElo "1672"]
[PlyCount "48"]
[WhiteFideId "16222890"]
[BlackFideId "16235665"]
[EventCountry "GER"]
[EventRounds "9"]
[EventType "swiss"]
[EventDate "2019.06.08"]

1. e4 c6 2. d4 d5 3. exd5 cxd5 4. Bd3 Nc6 5. c3 Nf6 6. Bf4 e6 7. Nd2 Bd6 8.
Bxd6 Qxd6 9. Ngf3 O-O 10. O-O b6 11. Re1 Bb7 12. Ne5 Nd7 13. Ndf3 Ndxe5 14.
Nxe5 Nxe5 15. Rxe5 f6 16. Qh5 h6 17. Re3 f5 18. Rae1 Bc8 19. Rg3 Bd7 20. Qxh6
Qxg3 21. Qxe6+ Bxe6 22. hxg3 Rae8 23. Re5 g6 24. f3 Bf7 0-1

[Event "ODJM B 2019"]
[Site "Willingen GER"]
[Date "2019.06.12"]
[Round "5"]
[White "Kolb, Verena"]
[Black "Lohrmann, Tabea"]
[Result "1-0"]
[Termination "normal"]
[Board "16"]
[WhiteElo "1649"]
[BlackElo "1549"]
[PlyCount "125"]
[WhiteFideId "12992313"]
[BlackFideId "12911941"]
[EventCountry "GER"]
[EventRounds "9"]
[EventType "swiss"]
[EventDate "2019.06.08"]

1. e4 e5 2. Nf3 Nc6 3. Bb5 a6 4. Ba4 Nf6 5. O-O Be7 6. Re1 b5 7. Bb3 O-O 8. c3
d5 9. exd5 Nxd5 10. Nxe5 Nxe5 11. Rxe5 Nf6 12. f3 Bd6 13. Re2 Ng4 14. fxg4 Bxg4
15. d4 Bxe2 16. Qxe2 Re8 17. Qf2 Qe7 18. Kf1 Bxh2 19. Nd2 Bf4 20. Nf3 Qf6 21.
Bxf4 Qxf4 22. Ne5 Qxf2+ 23. Kxf2 Re7 24. Rf1 g6 25. Ke3 Rf8 26. Kd2 Kg7 27.
Nxf7 Rfxf7 28. Rxf7+ Rxf7 29. Bxf7 Kxf7 30. Ke3 c6 31. Kf4 Kf6 32. b3 h6 33. a3
a5 34. c4 bxc4 35. bxc4 Ke6 36. Ke4 Kd6 37. a4 Ke6 38. Kf4 Kf6 39. Ke4 Ke6 40.
Kf4 Kf6 41. d5 cxd5 42. cxd5 Kf7 43. Ke5 Ke7 44. d6+ Kd7 45. g3 Kd8 46. Kf6 g5
47. Kg6 Kd7 48. Kxh6 Kxd6 49. Kxg5 Kc5 50. Kf5 Kb4 51. g4 Kxa4 52. g5 Kb3 53.
g6 a4 54. g7 a3 55. g8=Q+ Kb2 56. Qg2+ Kb3 57. Qf3+ Kb2 58. Qe2+ Kb3 59. Qd1+
Kb2 60. Qd4+ Kb1 61. Qb4+ Ka2 62. Ke4 Ka1 63. Qxa3+ 1-0

[Event "ODJM B 2019"]
[Site "Willingen GER"]
[Date "2019.06.12"]
[Round "5"]
[White "Lange, Malina"]
[Black "Schilay, Eva"]
[Result "0-1"]
[Termination "normal"]
[Board "17"]
[WhiteElo "1562"]
[BlackElo "1628"]
[PlyCount "96"]
[WhiteFideId "16228952"]
[BlackFideId "12930164"]
[EventCountry "GER"]
[EventRounds "9"]
[EventType "swiss"]
[EventDate "2019.06.08"]

1. e4 d6 2. d4 Nf6 3. Nc3 e5 4. dxe5 dxe5 5. Qxd8+ Kxd8 6. Nf3 Bd6 7. Be3 Be6
8. Ng5 Nbd7 9. Nxe6+ fxe6 10. O-O-O a6 11. Bc4 Ke7 12. Rhe1 b5 13. Bb3 Rhb8 14.
Rd3 c5 15. Red1 Bc7 16. Bg5 Nf8 17. Bd5 Ra7 18. Bc6 Rb6 19. Bd5 Rd6 20. f4 Rd8
21. Bc6 Rxd3 22. Rxd3 exf4 23. Ne2 c4 24. Rd2 e5 25. Nc3 Ba5 26. b4 cxb3 27.
Nd5+ Kd6 28. Nb4+ Kc7 29. c3 Bxb4 30. cxb4 Kxc6 31. axb3 Ne6 32. Bh4 Nxe4 33.
Re2 Kd5 34. Bf2 Rc7+ 35. Kb2 Nxf2 36. Rd2+ Nd4 37. Rxf2 g5 38. h3 e4 39. h4 e3
40. Rf1 e2 41. Re1 gxh4 42. Ka2 h3 43. gxh3 f3 44. h4 f2 45. Rxe2 Nxe2 46. Kb2
f1=Q 47. h5 Qc1+ 48. Ka2 Nc3# 0-1